| 000 | 00874nac a22002651i 4500 | ||
|---|---|---|---|
| 003 | EG-ScBUE | ||
| 005 | 20260503102556.0 | ||
| 008 | 260503s2003 gw a f b 001 0 eng d | ||
| 020 | _a8181280849 | ||
| 040 |
_aEG-ScBUE _beng _erda _cEG-ScBUE _dEG-ScBUE |
||
| 082 | 0 | 4 |
_a510.2 _bBAT _222 |
| 100 | 1 |
_aBatschelet, Edward, _eauthor. |
|
| 245 | 1 | 0 |
_aIntroduction to mathematics for life scientists / _cEdward Batschelet. |
| 250 | _aThird edition. | ||
| 264 | 1 |
_aBerlin ; _aNew York : _bSpringer-Verlag, _c2003. |
|
| 300 |
_axv, 643 pages : _billustrations ; _c24 cm. |
||
| 336 |
_2rdacontent _atext _btxt |
||
| 337 |
_aunmediated _2rdamedia _bn |
||
| 338 |
_avolume _bnc _2rdacarrier |
||
| 490 | 0 |
_aBiomathematics ; _vv. 2 |
|
| 504 | _aIncludes bibliographical references and index. | ||
| 650 | 7 |
_aBiomathematics. _2BUEsh |
|
| 655 | _vReading book | ||
| 942 |
_cBB _2ddc |
||
| 999 |
_c2346 _d2346 |
||